000
00285nam a22001337a 4500
008
170807b xxu||||| |||| 00| 0 eng d
020
_a
0201003279
041
_a
eng
080
_a
004
100
_a
33
101
_a
SHKI
245
_a
COMPUTER ALGORITHMS
_c
BAASE, S
942
_2
udc
_c
BK
999
_c
22740
_d
22740